[Event "RUS-Cup3"]
[Site "Omsk"]
[Date "1996.??.??"]
[Round "9"]
[White "Fedorov, Alexei"]
[Black "Volkov, Sergey"]
[Result "0-1"]
[WhiteElo "2555"]
[BlackElo "2485"]
[Annotator "Fedorov,A"]
[PlyCount "94"]
[EventDate "1996.12.13"]
[EventType "swiss"]
[EventRounds "9"]
[EventCountry "RUS"]
[SourceTitle "CBM 057"]
[Source "ChessBase"]
[SourceDate "1997.04.01"]
[SourceVersion "1"]
[SourceVersionDate "1997.04.01"]
[SourceQuality "1"]

1. e4 e6 2. d4 d5 3. Nc3 Nf6 4. e5 Nfd7 5. f4 c5 6. Nf3 Nc6 7. Be3 cxd4 8. Nxd4
Qb6 9. Qd2 Qxb2 10. Rb1 Qa3 11. Bb5 Ndb8 $5 {N/} 12. Bxc6+ bxc6 (12... Nxc6 13.
Ncb5 Qxa2 14. O-O $36) 13. O-O Bc5 14. Rb3 Qa5 (14... Qa6 15. f5 exf5 16. e6 $1
$40) 15. Rfb1 Bb6 (15... Qc7 16. Na4 Bxd4 17. Bxd4 $146) 16. Qc1 Bxd4 (16...
Qa6 17. Ra3 Qb7 18. Na4 Nd7 19. c4 $146) 17. Bxd4 Nd7 18. f5 $5 (18. Ra3 $5 Qc7
19. Na4 $44) 18... exf5 19. e6 fxe6 20. Qg5 Qd8 (20... Rg8 21. Re1 $40) 21.
Qxg7 Rf8 22. Ne2 $2 (22. Na4 $5 $44) 22... Qe7 23. Qh6 Nf6 $2 (23... c5 24. Nf4
Nf6 $1 $19 (24... cxd4 25. Nxe6 $18)) 24. Rb8 $2 (24. Rc3 $1 Ng4 25. Qh5+ Qf7
26. Qh4 e5 27. Rxc6 $146) 24... Rxb8 25. Rxb8 Kd8 $2 (25... Kf7 $1 $19) 26. Nf4
Rf7 27. Qg5 Kc7 (27... e5 28. Qxf5 $18) 28. Qg3 $4 (28. Be5+ Kd7 29. Nd3 $16)
28... e5 $1 $19 29. Ra8 (29. Bxe5+ Qxe5 30. Nxd5+ Kd6 31. Qxe5+ Kxe5 32. Nxf6
Be6 $19) 29... exf4 30. Qxf4+ Kd8 31. h3 (31. Qb8 $4 Qe1#) 31... Ne8 32. Kh2
Qe4 33. Qg5+ (33. Qb8 Rc7 (33... Qe6 34. Bxa7 Qd6+ 35. Qxd6+ Nxd6 36. Bb6+ Kd7
$19) 34. Bxa7 Ke7 35. Bb6 Qe5+ 36. Kh1 Bd7 37. Bxc7 Qxc7 38. Qb4+ $22 Kf7 39.
Qh4) 33... Kc7 34. Qd2 Nd6 35. Qa5+ Kd7 36. Qxa7+ Ke6 37. Qc5 Bb7 38. Ra3 f4
39. Rf3 Nf5 40. Bf2 Nd6 (40... Qc4 $5) 41. c3 (41. Bd4 $5) 41... Qc4 42. Qa7
Bc8 43. Qa5 Bd7 44. Qd8 Qxa2 45. Qg8 Qc2 46. Bd4 (46. Rxf4 Qg6 $19) 46... Qg6
47. Qh8 Qg5 0-1

[Event "RUS-chT 06th"]
[Site "St Petersburg"]
[Date "1999.05.23"]
[Round "8"]
[White "Shaposhnikov, Evgeny"]
[Black "Meshkov, Yuri A"]
[Result "1-0"]
[WhiteElo "2474"]
[BlackElo "2397"]
[Annotator "Finkel,A"]
[PlyCount "51"]
[EventDate "1999.05.16"]
[EventType "team-tourn"]
[EventRounds "9"]
[EventCountry "RUS"]
[SourceTitle "EXT 2020"]
[Source "ChessBase"]
[SourceDate "2019.10.17"]
[SourceVersion "1"]
[SourceVersionDate "2019.10.17"]
[SourceQuality "1"]
[WhiteTeam "Murmansk OShK"]
[BlackTeam "Smolensk TsEM"]
[WhiteTeamCountry "RUS"]
[BlackTeamCountry "RUS"]

1. e4 e6 2. d4 d5 3. Nc3 Nf6 4. e5 Nfd7 5. f4 c5 6. Nf3 Nc6 7. Be3 a6 8. Qd2 b5
9. Bd3 b4 10. Nd1 Qb6 (10... c4 11. Be2 h5 (11... a5 $5 12. O-O g6 13. g4 Nb6
14. Bf2 Be7 15. Ne3 h5 16. h3 Ba6 17. Kg2 $14 {Zulfugarli,M-Pereyra Arcija,D/
World Juniors, Zagan POL 1997 (44)} (17. c3 $5)) (11... Nb6 $5 12. O-O Be7 13.
Bf2 (13. Qe1 a5 14. Qg3 g6 15. Nf2 Ba6 16. Ng4 Qc7 $1 {/\ 17...c3 18.Ba6 cb2} (
16... h5 $2 17. Nf6+ Bxf6 18. exf6 Nd7 19. Ne5 Ndxe5 20. dxe5 $16) (16... c3
17. Bxa6 Rxa6 18. b3) 17. Rf2 $6 (17. Rae1 $5 $13) 17... h5 18. Nf6+ Bxf6 $13 {
Franzoni,G-Dreev,A/Luzern 1993 (37)}) 13... g6 14. Ne3 a5 15. Bg3 $6 Bd7 16. b3
cxb3 $5 17. axb3 a4 $132 {Stripunsky,A-Dreev,A/Rostov op 1993 (35)}) 12. O-O g6
13. Bf2 $1 $14 {[%cal Gf2h4]} Be7 14. Ne3 Bb7 15. c3 Qa5 16. Bh4 bxc3 17. bxc3
Bxh4 18. Nxh4 Ne7 19. Nf3 Nb6 20. Rab1 $16 {Shaposhnikov,E-Smikovski,I/
RUS-Cup01 Chigorin mem 1997 White has significient advantage due to controle
over the b-file and possibility to break through on the kingside by g4.}) 11.
Qf2 (11. c3 a5 12. O-O g6 13. Rc1 c4 14. Bc2 a4 15. cxb4 Bxb4 16. Qf2 a3 17.
Rb1 $13 {Roschina,T-Nikolenko,O/Moscow Alekhine op 1996}) (11. dxc5 Bxc5 12.
O-O Bb7 13. Kh1 O-O 14. Qf2 f5 15. h3 Bxe3 16. Nxe3 $14 {Timoshenko,
G-Gleizerov,E/Alushta 1993}) 11... cxd4 12. Nxd4 Nxd4 (12... Bc5 13. Nf3 (13.
Nxc6 Qxc6 14. O-O Bb7 15. Qg3 f5 16. Bxc5 Nxc5 17. a3 $14 {Novik,M-Gleizerov,E/
Moscow Alekhine op 1992}) 13... Bb7 14. O-O f5 15. exf6 gxf6 16. Re1 $14 {
Chuprov,A-Gleizerov,E/St.Petersburg op 1994}) 13. Bxd4 Bc5 (13... Nc5 $5 14.
O-O Be7 15. Qg3 (15. a3 $6 Nxd3 16. cxd3 Qb5 17. Qg3 O-O 18. axb4 Qxb4 $132)
15... O-O 16. Ne3 Qc6 17. f5 exf5 18. Bxf5 Be6 19. Rad1 $36) 14. Bxc5 Nxc5 15.
Ne3 (15. O-O $5 Rb8 16. Ne3 O-O 17. f5 Nxd3 18. cxd3 exf5 19. Nxd5 Qxf2+ 20.
Rxf2 Be6 21. Nf4 Rfd8 $11) 15... O-O 16. O-O-O a5 17. Kb1 Ba6 18. Ng4 Bxd3 $2 {
Onr careless move and black is in very deep troubles.After correct} (18... Rfb8
$5 19. Qh4 Bxd3 20. cxd3 a4 21. Rhf1 Qd8 $132 {it's very hard to say who keeps
better chanses.}) 19. Rxd3 Nd7 ({Very nice finish comes after} 19... h5 $2 20.
Nf6+ $1 {[%csl Rg8]} gxf6 21. Qg3+ Kh8 22. Qh4 $1 Nxd3 23. Qxh5+ Kg8 24. exf6
Nxf4 25. Qh6 $18) 20. Nf6+ $1 Kh8 $2 {It was nessesary to take on f6.} (20...
gxf6 $8 21. Qh4 $1 Rfc8 $8 (21... fxe5 22. Rg3+ Kh8 23. Rh3 $18) 22. Qh6 $1 (
22. exf6 $2 Qc5 $1 (22... Kf8 23. Rg3 Ke8 24. Rg8+ Nf8 25. Rxf8+ Kxf8 26. Qxh7
Ke8 27. Qg8+ Kd7 28. Qxf7+ Kc6 29. Qxe6+ Kb7 30. Qxd5+ $44) 23. c3 Kf8 24. Rg3
Ke8 $19) 22... Rc3 $1 23. exf6 (23. bxc3 $2 bxc3+ 24. Kc1 Qb2+ 25. Kd1 Qb1+ 26.
Ke2 Qxc2+ 27. Ke3 Qxg2 $19) 23... Nxf6 24. Qg5+ Kf8 25. Qxf6 Rxd3 26. cxd3 Kg8
$14 {with defendable position.}) 21. Qh4 $1 $18 {[%csl Rh8] Now everything is
over.} Nxf6 (21... gxf6 22. Rh3 $18) 22. exf6 e5 23. fxe5 Qe6 24. Rf1 $5 Qxe5
25. Rh3 Qe4 26. fxg7+ 1-0

[Event "Sarajevo Bosnia 29th"]
[Site "Sarajevo"]
[Date "1999.05.23"]
[Round "6"]
[White "Morozevich, Alexander"]
[Black "Bareev, Evgeny"]
[Result "0-1"]
[WhiteElo "2723"]
[BlackElo "2679"]
[Annotator "Finkel,A"]
[PlyCount "140"]
[EventDate "1999.05.17"]
[EventType "tourn"]
[EventRounds "9"]
[EventCountry "BIH"]
[EventCategory "19"]
[SourceTitle "CBM 071"]
[Source "ChessBase"]
[SourceDate "1999.08.01"]
[SourceVersion "1"]
[SourceVersionDate "1999.08.01"]
[SourceQuality "1"]

{[%mdl 6176]} 1. e4 {Hecht.} e6 2. d4 d5 3. Nc3 Nf6 4. e5 Nfd7 5. Nf3 c5 6.
dxc5 Nc6 7. Bf4 Bxc5 8. Bd3 f6 9. exf6 Qxf6 10. Bg5 Qf7 11. Qe2 (11. O-O O-O
12. Bh4 Qh5 (12... h6 13. Bg3 Nf6 14. Ne5 Nxe5 15. Bxe5 Bd7 16. Kh1 Bc6 $132 {
Andreescu,N-Bobrowska,M/EU-chJW 1997}) 13. Bg3 Nf6 (13... a6 14. Na4 Ba7 15. c4
Nc5 $2 16. Nxc5 Bxc5 17. cxd5 exd5 18. Bxh7+ $1 $16 {Yukhtman,J-Prokhorovich,T/
URS-ch sf 1957}) 14. Qe2 (14. a3 Kh8 15. Re1 Bd7 16. Nb5 Rac8 17. c3 Ng4 18.
Nbd4 e5 19. Nxe5 Nxd4 20. cxd4 Bxd4 21. Nxg4 Bxg4 22. Be2 Bxe2 23. Qxd4 b6 24.
Be5 Rf7 25. Qxd5 Rf5 26. Bxg7+ Kxg7 27. Qd7+ Rf7 28. Qxc8 Bg4 29. Qc3+ Kg6 30.
h3 Bd7 31. Rad1 {1-0 Dankert,P-Krauseneck,P/BL8182 1982}) 14... Bd7 15. Rae1
Rae8 16. Ne5 Nxe5 17. Qxh5 Nxh5 18. Bxe5 Re7 19. Ne2 Nf6 20. Nd4 Ng4 $132 {
Zsekov,Z-Kontic,D/Burgas 1991}) (11. Bh4 Nde5 (11... Qh5 12. Bg3 a6 13. Qe2 Nf6
14. Na4 Nd4 15. Nxd4 Bxd4 16. c3 Ba7 17. b4 $14 {Maier,C-Zier,L/FRG-qual Sued
1986}) 12. Nxe5 Nxe5 13. Bb5+ Nc6 14. Qd2 O-O 15. O-O Nd4 16. Bg3 Nxb5 17. Nxb5
Bd7 18. Nd4 Qf6 $11 {Mosionzhik,I-Nei,I/URS-chT}) 11... O-O 12. O-O-O (12. Bd2
Nd4 13. Nxd4 Bxd4 14. O-O-O Nc5 15. f3 a6 16. Be3 Bxe3+ 17. Qxe3 $14 {Marcoli,
P-Cazzaniga,W/Corsico op 1997}) 12... h6 13. Bh4 a6 14. Bg3 Nb6 15. Kb1 Bd7 16.
Rhf1 Qh5 17. a3 Rac8 18. Rde1 Rf6 19. Qd2 Qf7 20. Ne5 $5 {Till this moment
both sides improved position of the poeces and moved into their own camp and
finally white makes a step!} (20. Bh4 $6 Rxf3 (20... Rf4 21. Bg3 Rf6 $11) 21.
gxf3 Nd4 22. Be2 $8 Nc4 23. Qd1 (23. Bxc4 $2 Nxf3 24. Qxd5 exd5 (24... Nxe1 25.
Qe4 Nf3 26. Rd1 $1 $16 {[%csl Re6][%cal Gd1d7]}) 25. Bxd5 Nxh4 26. Bxf7+ Kxf7
$17) 23... Nxe2 24. Qxe2 Nxb2 $1 25. Kxb2 Bd4 $17) (20. h3 $5) 20... Nxe5 21.
Bxe5 $2 {It's hard to say if it's some kind of illusion or miscalculation,but
anyway one thing is for sure:white will suffer till the end of the game from
consequances of this move.} (21. Rxe5 Bd6 $6 (21... Bd4 $6 22. Bh7+ Kxh7 23.
Qxd4 $14) 22. Ree1 Bxg3 23. hxg3 Bc6 24. f4 $14) 21... Rxf2 22. Qd1 Qe7 23.
Rxf2 Bxf2 24. Rf1 Bc5 25. Qh5 Rf8 26. Re1 Qg5 27. Qxg5 hxg5 $17 {Black is just
a pawn up and for a player of Bareev's level this advantage is more than
enough to decide the game in his favour.} 28. b4 Be7 29. Ne2 Rc8 30. Nd4 Nc4
31. Bxc4 Rxc4 32. Kb2 Kf7 33. c3 Bf6 34. g3 (34. Kc2 $6 Bxe5 35. Rxe5 Kf6 36.
Re1 e5 37. Nf3 Bf5+ 38. Kd2 Re4 $17) 34... Rc8 (34... Bxe5 $5 35. Rxe5 Kf6 36.
Re1 e5 37. Nf3 Re4 38. Rxe4 dxe4 39. Ng1 (39. Ne1 Kf5 40. Kc2 Kg4 41. Kd2 Kh3
$19) 39... Bb5 $1 (39... e3 40. Kc2 Bb5) 40. Kc1 e3 41. Kd1 Kf5 $17) 35. Re2
Rh8 36. Bd6 g4 $1 {[%cal Gh8h5,Ge6e5]} 37. Nb3 e5 38. Nc5 Bb5 39. Rf2 b6 40. a4
Bc4 $1 (40... bxc5 41. axb5 cxb4 42. bxa6 Ke6 $1 43. Bc5 bxc3+ 44. Kxc3 Ra8 45.
Ra2 e4+ $17) 41. Nd7 (41. Nb7 Ke6 42. Bc7 Kd7 43. Bxb6 Kc6 $19) 41... Ke6 42.
Nxf6 gxf6 {Hecht: '[#] Themen: Lavieren, Freibauernbildung'} 43. Bc7 b5 44. a5
Bd3 45. Bb6 Be4 46. Rd2 f5 47. Rf2 Rh3 48. Bc7 Bf3 49. Kc2 Rh7 $1 {[%cal Gf5f4]
} 50. Bb6 f4 $19 51. gxf4 exf4 52. Kd3 Ke5 53. Bd4+ Kf5 54. Bb6 Rh6 55. Ba7 Re6
56. Kd2 $6 (56. Bb6 Bd1 $1 {[%cal Gd1b3,Gb3c4]} 57. Bc7 Re4 58. Kd2 Bb3 59. Re2
Bc4 60. Rf2 d4 61. cxd4 Rxd4+ 62. Kc3 Rd3+ 63. Kc2 f3 $19) 56... Ke4 57. Rf1
Rh6 58. Bg1 Kf5 59. Re1 Be4 60. Re2 Rh3 61. Bd4 g3 62. hxg3 fxg3 63. Re1 Rh2+
64. Ke3 Rf2 65. Bg7 Kg4 66. Rg1 Rf7 67. Bd4 g2 68. Re1 Rf1 69. Ke2 Kh3 70. Bg1
Bf3+ (70... Bf3+ {Hecht} 71. Kd2 Rxg1 72. Rxg1 Kh2 73. Rxg2+ Kxg2 74. Ke3 Kg3
75. Kd4 Kf2 76. Kc5 Ke3 77. Kb6 Kd3 78. Kxa6 Kxc3 79. Kxb5 d4 $19) 0-1

[Event "Poikovsky Karpov 06th"]
[Site "Poikovsky"]
[Date "2005.03.04"]
[Round "6"]
[White "Dominguez Perez, Leinier"]
[Black "Sadvakasov, Darmen"]
[Result "1-0"]
[WhiteElo "2661"]
[BlackElo "2635"]
[Annotator "Finkel,A"]
[PlyCount "123"]
[EventDate "2005.02.26"]
[EventType "tourn"]
[EventRounds "9"]
[EventCountry "RUS"]
[EventCategory "18"]
[SourceTitle "CBM 106"]
[Source "ChessBase"]
[SourceDate "2005.06.06"]
[SourceVersion "1"]
[SourceVersionDate "2005.06.06"]
[SourceQuality "1"]

1. e4 e6 2. d4 d5 3. Nc3 Nf6 4. e5 Nfd7 5. f4 c5 6. Nf3 Nc6 7. Be3 cxd4 8. Nxd4
Bc5 9. Qd2 Nxd4 10. Bxd4 Bxd4 11. Qxd4 Qb6 12. Qxb6 (12. Qd2) 12... Nxb6 13.
Nb5 {[%cal Gb5d4] This move is the main line of the variation in which were
played 1000's of games. Such experts as Gurevich, Kortchnoj and Short hold
easily with black pieces. However for all the rest to hold this position is
anything, but easy!} (13. O-O-O a6 14. Bd3 Bd7 15. Ne2 Nc8 16. Nd4 Ne7 17. Rhf1
Nc6 18. Nxc6 Bxc6 19. f5 Bd7 20. f6 g6 21. Rf3 $36 {Hartmann,G-Moors,H/BL/1986}
) (13. Bd3 Ke7 14. O-O-O Bd7 15. Rhf1 Bc6 16. Ne2 f6 17. exf6+ gxf6 18. Nd4 Kd6
19. Rde1 Rae8 20. g4 $5 $36 {Nijboer,F-Gurevich,M/Groningen/1992}) (13. a4 {
/\ a5} a5 14. Nb5 Ke7 15. b3 f6 $5 16. exf6+ gxf6 17. Kd2 Bd7 18. Re1 Bxb5 19.
Bxb5 Nc8 20. c4 Nb6 $5 21. cxd5 Nxd5 22. g3 Rhd8 23. Kc1 Rac8+ 24. Bc4 $10 {
Georgiev,Kir}) 13... Ke7 14. Nd4 (14. b3 $5 Bd7 15. Nd4 a6 16. Bd3 g6 17. Kd2
h5 18. g3 Rac8 19. a4 $14) (14. a4 $5 Bd7 15. a5 Bxb5 16. Bxb5 Nd7 17. b4 Rac8
18. Kd2 g5 $1 $132 {Luther,T-Mueller,K/Altensteig 1992 (32)}) (14. h4 h5 15.
Rh3 $5 Bd7 16. Nd4 g6 17. b3 a6 18. Rc3 Rhc8 19. Kd2 $14 {Gallagher,
J-Kelecevic,N/Biel Credis 1996 (43)}) (14. Kd2 Bd7 15. Nd4 Na4 16. b3 Nc5 17.
Bd3 g6 18. a4 $5 a5 19. Raf1 h5 20. g3 Rag8 21. h4 $14 {Ehlvest,J-Gurevich,M/
Linares 1991/1/2-1/2 (49)}) (14. O-O-O Bd7 15. Nd4 Rac8 (15... a6 16. Bd3 Nc8
17. g4 Na7 18. Rhg1 Nc6 19. c3 Rac8 20. Be2 b5 21. Nxc6+ Bxc6 22. Rd4 f6 $11 {
Shmuter,L-Dickenson,N/EUCup Gr4 1995 (28)}) (15... h5 16. g3 Na4 $6 17. Bd3 Nc5
18. h3 Rag8 19. Rhf1 g6 20. Kd2 Be8 21. Rc1 $14 {Chandler,M-Short,N/Hastings
A1 1988}) 16. b3 f5 $6 17. Bd3 Rcg8 18. g3 g5 19. Rdg1 h5 20. Kd2 Rg7 21. Ke3
$14 {Pax,H-Mattern,M/RL-ch 1993 (35)}) 14... Bd7 15. Bd3 f6 (15... Na4 16.
O-O-O Nc5 (16... g6 $5 {The idea behind this move is to play h5 and to change
the pawns on the kingside if white will prepare f5.} 17. Rdf1 h5 18. g3 a6 19.
Rf3 (19. Kd2 Rac8 20. c3 b5 21. Rc1 Rc7 22. b3 Nc5 $11) 19... Rac8 20. h3 Rc7
21. Rhf1 Nb6 $11 {Fedorov,A-Gurevich,M/Belfort 1999}) (16... h5 17. h4 g6 18.
c3 Rac8 19. Bc2 Nb6 20. Rh3 Nc4 21. b3 Na5 22. Kb2 $14 {Fontaine,R-Gurevich,M/
ch-FRA (team) 1999}) 17. h4 (17. Rhf1 Rac8 (17... Bc6 18. Rf3 Nd7 19. Re3 Rhc8
20. f5 g6 21. g4 gxf5 22. gxf5 Rg8 $11 {Clerides,P-Elbilia,J/Erevan olm 1996})
(17... g6 18. Rf3 h5 19. g3 Rag8 20. Rdf1 Be8 21. Be2 Bd7 22. Bd3 Be8 $13 {
Fogarasi,T-Namgilov,S/Budapest FS03 GM 1996}) (17... g5 $6 18. f5 Nxd3+ (18...
Rac8 19. Kd2 h6 $5) 19. cxd3 exf5 20. Nxf5+ Bxf5 21. Rxf5 $14 {Lutz,C-Luther,T/
GER-ch 1998}) 18. Kd2 f6 19. Rde1 f5 20. h3 g5 21. g3 Rhg8 22. Rg1 Rcf8 23. h4
$14 {Ramsingh,Y-Schmidt,L/Novi Sad olm 1990 (28)}) (17. Kd2 h5 (17... g5 {[#]}
18. fxg5 Rag8 19. h4 h6 20. Nf3 hxg5 21. hxg5 (21. Nxg5 Rxh4 22. Rxh4 Rxg5 23.
g4 Rxe5 24. Rh5 Ne4+ {[#]} 25. Bxe4 Rxe4 $13 {De Firmian,N-Andersson,U/Biel
1990}) 21... Rxh1 22. Rxh1 Ne4+ 23. Ke3 Nxg5 24. Rh5 Nxf3 25. gxf3 {1/2-1/2
Nunn,J-Andersson,U/Wijk 1990}) 18. Rhf1 h4 19. Rf2 Rac8 20. Rdf1 f5 21. Ke3 g5
22. fxg5 Rcg8 23. b4 $14 {Nunn,J-Hjartarson,J/Linares 1988}) (17. Rhe1 g6 (
17... h5 18. Re3 Rag8 19. h4 g6 20. Kd2 Rc8 21. Ree1 Na4 $11 {Herrera,
I-Hernando Rodrigo,J/Guillermo Garcia Premier II 1999}) 18. Re3 a6 19. Be2 h5
20. Bf3 Rac8 21. b3 Rc7 22. Kb2 Rhc8 23. g3 Rh8 24. a4 $14 {Arakhamia,K-Maric,
M/Moscow olw 1994}) (17. Rde1 h5 18. g3 Rag8 19. h4 g6 20. Rh2 Rc8 {1/2-1/2
Lau,R-Kindermann,S/Lippstadt 1993}) 17... h5 18. Kd2 a6 19. a3 g6 20. b4 Na4
21. c4 dxc4 22. Bxc4 Rhd8 23. Ke3 Nb6 24. Rc1 Rac8 25. Ba2 Ba4 26. g3 Bb5 27.
Rhe1 Bc4 28. Bb1 {1/2-1/2 De Firmian,N-Christiansen,L/Reykjavik 1998/CBM 064 
(28)}) (15... a6 16. Kd2 h5 17. b3 g6 18. a4 Nc8 19. b4 Na7 20. b5 $14 {
De Firmian,N-Dolmatov,S/Reykjavik op 1990}) (15... g6 16. Kd2 h5 17. g3 Rag8
18. b3 Nc8 19. h3 Ke8 20. Ke3 Ne7 21. g4 Nc6 22. Nf3 $14 {Dominguez,L-Delchev,
A/Bled 2002}) 16. Nf3 {White intends to take on e5 with the knight if it comes
to it.} Raf8 17. O-O $5 {Usually white prefers to kep the king in the center,
but there is nothing wrong with the castle too.} Na4 (17... fxe5 18. Nxe5 $14 {
[%csl Gf4]}) 18. b3 Nc5 19. Rae1 f5 (19... Rc8 20. Nd4 a5 21. f5 fxe5 22. fxe6
Bxe6 23. Rxe5 Kd6 24. Rfe1 $14) 20. h4 {White intends to push c4 later on, so
he takes ome precautions on the kingside.} h6 21. g3 a6 (21... b6 22. Kf2 Rc8
23. Nd4 g5 24. hxg5 hxg5 25. fxg5 Rcg8 $132) 22. Kf2 Be8 $6 23. Ke3 Bh5 24. Nd4
Bg4 {[%csl Rg4] The bishop has come a long way, but it's quite useless on g4!}
25. Rc1 Rd8 $6 (25... Rc8 26. c4 (26. b4 Ne4 27. Bxe4 fxe4 28. c3 Rc4 $13)
26... dxc4 27. Bxc4 b5 28. Bd3 Nxd3 29. Kxd3 Rhd8 30. Rxc8 Rxc8 31. Rf2 $14)
26. b4 Ne4 (26... Nd7 27. c4 dxc4 28. Bxc4 Nb6 29. Bb3 $16) 27. Bxe4 dxe4 28.
c4 g5 (28... Rd7 29. c5 (29. Rf2 $6 Rhd8 30. Rd2 Be2 $5 $14) 29... Rhd8 30. Rc4
$16) 29. hxg5 hxg5 30. Rh1 gxf4+ 31. gxf4 Bh5 32. c5 Kf7 33. Rh2 {[%cal Gc1h1]}
(33. c6 $6 bxc6 34. Rxc6 Bg4 35. Rc7+ (35. Rxh8 Rxh8 36. Rxa6 $2 Rh3+ 37. Kf2
Rd3 38. Nxe6 e3+ $19) 35... Kg6 36. Rxh8 Rxh8 37. Nxe6 Rh3+ 38. Kd4 Rd3+ 39.
Kc4 Be2 $132 {[%cal Ge4e3]}) 33... Bf3 $5 34. Rxh8 Rxh8 35. Nxf3 exf3 36. Rd1 (
36. Kxf3 Rh3+ 37. Kg2 Rd3 $1 $14) 36... Ke7 37. Rd6 Rh2 38. Kxf3 a5 $5 39. Rb6
$6 (39. b5 Rc2 40. Rb6 Rxc5 41. Rxb7+ Kd8 42. Ke3 Rc2 43. Kd4 Rxa2 44. Kc5 $16)
39... axb4 40. Rxb7+ Kd8 41. Rxb4 Rxa2 42. Kg3 Kd7 43. Rb6 Rc2 44. Rd6+ Ke7 45.
c6 Rc4 46. Rd7+ Ke8 47. Rd6 Ke7 48. Rd7+ Ke8 49. Rh7 Rxc6 50. Kh4 Kf8 $2 (50...
Kd8 51. Kg5 Rc4 52. Kf6 Rxf4 53. Kxe6 Re4 54. Kf6 f4 55. e6 f3 56. Rh8+ Kc7 57.
e7 f2 58. Rh1 Re1 59. Rf1 Kd7 60. Rxf2 Re6+ $11) 51. Kg5 $18 {[%csl Rf8]} Kg8
52. Kg6 Rc4 53. Ra7 Kf8 54. Kf6 Kg8 55. Kg6 Kf8 56. Kf6 Kg8 57. Kxe6 Rxf4 58.
Kf6 Re4 59. e6 f4 60. Rg7+ Kh8 61. Rg4 Re1 62. Kf7 1-0

[Event "Alushta Autumn 1st"]
[Site "Alushta"]
[Date "2004.08.28"]
[Round "1"]
[White "Neelotpal, Das"]
[Black "Kobylkin, Evgeni"]
[Result "1-0"]
[WhiteElo "2448"]
[BlackElo "2444"]
[Annotator "Finkel,A"]
[PlyCount "85"]
[EventDate "2004.08.28"]
[EventType "tourn"]
[EventRounds "15"]
[EventCountry "UKR"]
[EventCategory "9"]
[SourceTitle "CBM 103"]
[Source "ChessBase"]
[SourceDate "2004.11.11"]
[SourceVersion "1"]
[SourceVersionDate "2004.11.11"]
[SourceQuality "1"]

1. e4 e6 2. d4 d5 3. Nc3 Nf6 4. e5 Nfd7 5. f4 c5 6. Nf3 Nc6 7. Be3 a6 8. Qd2 b5
9. a3 Qb6 10. Ne2 a5 (10... Bb7 11. dxc5 Bxc5 12. Ned4 Nxd4 13. Nxd4 Qc7 14. b4
Be7 15. Bd3 Nb6 16. O-O $14 {Voitsekhovsky,S-Erashchenkov,D/Voronezh 2003}) (
10... g6 11. dxc5 Bxc5 12. Ned4 Qc7 13. Bd3 Be7 14. Nxc6 Qxc6 15. h4 h5 16. b4
Nb6 17. Bd4 Nc4 18. Qc1 Bd7 19. O-O $14 {Pikula,D-Jeremic,V/Topola 2004}) (
10... Be7 11. dxc5 Bxc5 12. Ned4 Nxd4 13. Nxd4 Qc7 14. Bd3 g5 15. g3 Bb7 16.
O-O-O $14 {Karjakin,S-Kiriakov,P/playchess.com INT 2004}) 11. c3 Ba6 12. dxc5
$6 {White can't get an advantage with this move. The right plan is to push f5
right away, depriving black a chance to trade nearly all minor pieces.} (12. f5
$5 b4 13. fxe6 fxe6 14. Nf4 bxc3 15. bxc3 cxd4 16. cxd4 Nd8 17. Ng5 Be7 18. h4
Bxf1 19. Kxf1 O-O 20. Kg1 $14 {Efimenko,Z-Kobylkin,E/Kharkov 2004}) 12... Bxc5
13. Ned4 b4 14. axb4 axb4 15. Bxa6 ({No better was} 15. Bb5 $5 bxc3 16. bxc3
Na5 17. Bxd7+ Kxd7 18. Qc2 Nc4 19. Bc1 g6 $132 {and black has comfortable
position.}) 15... Rxa6 16. O-O bxc3 17. bxc3 (17. Qxc3 Rxa1 18. Rxa1 O-O 19.
Rc1 Ra8 20. Kh1 g6 21. b3 Nxd4 22. Bxd4 Bxd4 23. Nxd4 Nc5 $13) 17... O-O $11 {
The position is balanced. Both sides have no weakness, except of the white
pawn on c3, but white has no problems to protect it.} 18. Rab1 Qa7 19. Qd3 Rc8
20. Kh1 Nxd4 21. Nxd4 (21. cxd4 Ra3 22. Qe2 Be7) 21... Ra2 22. Bg1 g6 23. Qg3 {
[%cal Gf4f5]} Bxd4 24. Bxd4 Qa6 25. h3 Nc5 26. Bxc5 Rxc5 27. Qg5 Qc8 {Black is
trying to get out of this position more than it can offer, which is a very
dangerous strategy.} (27... Rc8) 28. Rb3 h5 29. Rf3 Rc2 30. Qg3 Ra5 (30... Qd8)
31. Rf1 Rc5 32. Rf3 Rc4 33. Kh2 Rc1 34. Qg5 Ra1 (34... R1xc3 35. Rfxc3 Rxc3 36.
Rxc3 Qxc3 37. Qd8+ Kh7 38. Qe7 $11) 35. Qf6 $40 Ra8 36. Rg3 Rc7 $6 (36... Qd8
$2 37. Rxg6+ fxg6 38. Qxg6+ Kf8 39. Qh6+ Kg8 40. Qxe6+ Kf8 41. Qh6+ Kg8 42. Rb6
$18) (36... Qc7 $142 $5 $11 37. f5 $140 Rf4) 37. f5 exf5 38. e6 Raa7 $2 (38...
Ra6 39. exf7+ Kf8 40. Rb6 Rxb6 41. Qxb6 Rc6 42. Qd4 Kxf7 43. Qxd5+ Qe6 $11) 39.
exf7+ Rxf7 40. Rxg6+ Rg7 41. Qe5 $1 {[%cal Gb3b8]} Kh7 (41... Rxg6 42. Rb8 Rc6
43. Rxc8+ Rxc8 44. Qe6+ $18) 42. Rb8 Rge7 43. Rh6+ $1 1-0